| 000 | 00956cam a2200277 i 4500 | ||
|---|---|---|---|
| 003 | SA-RiAUC | ||
| 005 | 20251029140729.0 | ||
| 008 | 251025s2004 su g 000r0 ara c | ||
| 020 | _a9960422208 | ||
| 024 | 0 | _a1424/6715 | |
| 040 |
_aKAPL _bara _cSA-RiAUC _erda |
||
| 043 | _aa-su--- | ||
| 082 | 0 | 4 | _a953.121 |
| 090 |
_a953.121 _bط و ي |
||
| 100 | 1 |
_aالطويان، أحمد بن صالح بن إبراهيم _eمؤلف. |
|
| 245 | 1 | 0 |
_aقصة مكة / _cأحمد بن صالح بن إبراهيم الطويان. |
| 250 | _aالطبعة الأولى. | ||
| 264 | 1 |
_aالرياض : _bدار طويق للنشر والتوزيع، _c2004 |
|
| 300 |
_a86 صفحة ؛ _c18 سم |
||
| 336 |
_aنص _btxt _2rdacontent _3كتاب |
||
| 337 |
_aبدون وسيط _bn _2rdamedia |
||
| 338 |
_aمجلد _bnc _2rdacarrier |
||
| 651 | 7 |
_aمكة المكرمة _xتاريخ _2aucsh |
|
| 942 |
_2ddc _cBOOK _n0 |
||
| 949 |
_aSA-JeALM _d251025 _umohamedma123 _n1 |
||
| 999 |
_c12807 _d12807 |
||